<?xml version="1.0" encoding="UTF-8"?>
<record
    xmlns:xsi="http://www.w3.org/2001/XMLSchema-instance"
    xsi:schemaLocation="http://www.loc.gov/MARC21/slim http://www.loc.gov/standards/marcxml/schema/MARC21slim.xsd"
    xmlns="http://www.loc.gov/MARC21/slim">

  <leader>03121nam a2200349 a 4500</leader>
  <controlfield tag="001">ebr10364090</controlfield>
  <controlfield tag="003">CaPaEBR</controlfield>
  <controlfield tag="006">m        u        </controlfield>
  <controlfield tag="007">cr cn|||||||||</controlfield>
  <controlfield tag="008">090902s2009    ne a    sb    001 0 eng  </controlfield>
  <datafield tag="010" ind1=" " ind2=" ">
    <subfield code="z">  2009036623</subfield>
  </datafield>
  <datafield tag="020" ind1=" " ind2=" ">
    <subfield code="z">9789027252579 (hb : alk. paper)</subfield>
  </datafield>
  <datafield tag="020" ind1=" " ind2=" ">
    <subfield code="z">9027252572 (hb : alk. paper)</subfield>
  </datafield>
  <datafield tag="040" ind1=" " ind2=" ">
    <subfield code="a">CaPaEBR</subfield>
    <subfield code="c">CaPaEBR</subfield>
  </datafield>
  <datafield tag="035" ind1=" " ind2=" ">
    <subfield code="a">(OCoLC)649901757</subfield>
  </datafield>
  <datafield tag="050" ind1="1" ind2="4">
    <subfield code="a">PM7831</subfield>
    <subfield code="b">.C69 2009eb</subfield>
  </datafield>
  <datafield tag="082" ind1="0" ind2="4">
    <subfield code="a">417/.22</subfield>
    <subfield code="2">22</subfield>
  </datafield>
  <datafield tag="245" ind1="0" ind2="0">
    <subfield code="a">Complex processes in new languages</subfield>
    <subfield code="h">[electronic resource] /</subfield>
    <subfield code="c">edited by Enoch O. Aboh, Norval Smith.</subfield>
  </datafield>
  <datafield tag="260" ind1=" " ind2=" ">
    <subfield code="a">Amsterdam ;</subfield>
    <subfield code="a">Philadelphia :</subfield>
    <subfield code="b">John Benjamins Pub. Co.,</subfield>
    <subfield code="c">c2009.</subfield>
  </datafield>
  <datafield tag="300" ind1=" " ind2=" ">
    <subfield code="a">vi, 409 p. :</subfield>
    <subfield code="b">ill.</subfield>
  </datafield>
  <datafield tag="490" ind1="1" ind2=" ">
    <subfield code="a">Creole language library,</subfield>
    <subfield code="x">0920-9026 ;</subfield>
    <subfield code="v">v. 35</subfield>
  </datafield>
  <datafield tag="504" ind1=" " ind2=" ">
    <subfield code="a">Includes bibliographical references and indexes.</subfield>
  </datafield>
  <datafield tag="505" ind1="0" ind2=" ">
    <subfield code="a">Acknowledgments -- Simplicity, simplification, complexity and complexification: where have the interfaces gone? / Enoch O. Aboh and Norval Smith -- Part I. Morphophonology. Initial vowel agglutination in the Gulf of Guinea creoles / Tjerk Hagemeijer -- Simplification of a complex part of grammar or not? What happened to KiKoongo nouns in Saramaccan? / Norval Smith -- Reducing phonological complexity and grammatical opaqueness: Old Tibetan as a lingua franca and the development of the modern Tibetan varieties / Bettina Zeisler -- Part II. Verbal morphology. Verb allomorphy and the syntax of phases / Tonjes Veenstra -- The invisible hand in creole genesis: reanalysis in the formation of Berbice Dutch / Silvia Kouwenberg -- Complexification or regularization of paradigms: the case of prepositional verbs in Solomon Islands Pijin / Christine Jourdan -- Part III. Nominals. The Mauritian Creole determiner system: a historical overview / Diana Guillemin -- Demonstratives in Afrikaans and Cape Dutch Pidgin: a first attempt / Hans den Besten -- Part IV. The selection of features in complex morphology. Contact, complexification and change in Mindanao Chabacano structure / Anthony P. Grant -- Morphosyntactic finiteness as increased complexity in a mixed negation system / Peter Slomanson -- Contact language formation in evolutionary terms / Umberto Ansaldo -- Part V. Evaluating simplification and complexification. Economy, innovation and degrees of complexity in creole formation / Marlyse Baptista -- Competition and selection: that's all! / Enoch O. Aboh -- Complexity and the age of languages / Umberto Ansaldo and Sebastian Nordhoff -- Part VI. Postscript. Restructuring, hybridization, and complexity in language evolution / Salikoko S. Mufwene.</subfield>
  </datafield>
  <datafield tag="533" ind1=" " ind2=" ">
    <subfield code="a">Electronic reproduction.</subfield>
    <subfield code="b">Palo Alto, Calif. :</subfield>
    <subfield code="c">ebrary,</subfield>
    <subfield code="d">2013.</subfield>
    <subfield code="n">Available via World Wide Web.</subfield>
    <subfield code="n">Access may be limited to ebrary affiliated libraries.</subfield>
  </datafield>
  <datafield tag="650" ind1=" " ind2="0">
    <subfield code="a">Creole dialects.</subfield>
  </datafield>
  <datafield tag="655" ind1=" " ind2="7">
    <subfield code="a">Electronic books.</subfield>
    <subfield code="2">local</subfield>
  </datafield>
  <datafield tag="700" ind1="1" ind2=" ">
    <subfield code="a">Aboh, Enoch Olad&#xFFFD;e.</subfield>
  </datafield>
  <datafield tag="700" ind1="1" ind2=" ">
    <subfield code="a">Smith, Norval.</subfield>
  </datafield>
  <datafield tag="710" ind1="2" ind2=" ">
    <subfield code="a">ebrary, Inc.</subfield>
  </datafield>
  <datafield tag="830" ind1=" " ind2="0">
    <subfield code="a">Creole language library ;</subfield>
    <subfield code="v">v. 35.</subfield>
  </datafield>
  <datafield tag="856" ind1="4" ind2="0">
    <subfield code="u">http://site.ebrary.com/lib/rucke/Doc?id=10364090</subfield>
    <subfield code="z">An electronic book accessible through the World Wide Web; click to view</subfield>
  </datafield>
  <datafield tag="999" ind1=" " ind2=" ">
    <subfield code="c">111279</subfield>
    <subfield code="d">111279</subfield>
  </datafield>
</record>
